选出下列各组城市之间距离最接近的数值 - Statistics

General Stats
  • This quiz has been taken 5 times
  • The average score is 8 of 18
Answer Stats
Question Answer % Correct
米兰——莫斯科 2300km
80%
南京——武汉 450km
80%
华盛顿——波士顿 630km
80%
北京——上海 1050km
60%
墨尔本——布里斯班 1370km
60%
迈阿密——哈瓦那 365km
60%
里斯本——纽约 5400km
60%
尼斯——摩纳哥 10km
40%
昆明——乌兰巴托 2580km
40%
巴黎——伦敦 340km
40%
亚的斯亚贝巴——达喀尔 6100km
40%
德黑兰——多哈 1150km
20%
开罗——罗马 2130km
20%
重庆——新德里 2850km
20%
海口——雅加达 2940km
20%
厦门——澳门 530km
20%
延吉——首尔 630km
20%
长沙——西宁 1400km
0%
No matching quizzes found
Score Distribution
Percent of People with Each Score
Percentile by Number Answered
Your Score History
You have not taken this quiz